Honnan származik az AIDS-vírus
Elmentve itt :
| Szerző: | |
|---|---|
| Adatforrás: | Meister |
| Forrásdokumentuma: | A Hét. - 3 sz., 1991, 8-9 p. |
| Nyelv: | magyar |
| Kulcsszavak: | orvosszociológia AIDS |
| LEADER | 00322nab a2200133 i 4500 | ||
|---|---|---|---|
| 001 | bibPRO00004897 | ||
| 008 | 060524s1991 xx hun | ||
| 040 | |a Sz1 | ||
| 041 | |a hun | ||
| 100 | 1 | |a ZZZ | |
| 245 | 1 | 0 | |a Honnan származik az AIDS-vírus |c ZZZ |
| 695 | |a orvosszociológia | ||
| 695 | |a AIDS | ||
| 773 | 0 | |t A Hét. - |g 3 sz., 1991, 8-9 p. | |